Catálogo

LA IDIOTEZ DE LA INTELIGENCIA (Registro nro. 16507)

Detalles MARC
000 -LEADER
fixed length control field 00463nam a2200181 a 4500
001 - CONTROL NUMBER
control field 16507
005 - DATE AND TIME OF LATEST TRANSACTION
control field 20180713205446.0
008 - FIXED-LENGTH DATA ELEMENTS--GENERAL INFORMATION
fixed length control field 140415s1982 sp 000 0 spa d
020 ## - INTERNATIONAL STANDARD BOOK NUMBER
International Standard Book Number 8474900727
041 ## - LANGUAGE CODE
Language code of text/sound track or separate title spa
082 ## - DEWEY DECIMAL CLASSIFICATION NUMBER
Classification number 860
Item number DUQ
100 1# - MAIN ENTRY--PERSONAL NAME
Personal name DUQUE, AQUILINO
245 13 - TITLE STATEMENT
Title LA IDIOTEZ DE LA INTELIGENCIA
260 ## - PUBLICATION, DISTRIBUTION, ETC.
Place of publication, distribution, etc. ESPAÑA :
Name of publisher, distributor, etc. ENCUENTRO,
Date of publication, distribution, etc. 1982
300 ## - PHYSICAL DESCRIPTION
Extent 190
490 ## - SERIES STATEMENT
Series statement LIBROS DE BOLSILLO
Volume/sequential designation 17
650 14 - SUBJECT ADDED ENTRY--TOPICAL TERM
Topical term or geographic name entry element LITERATURA
General subdivision ESPAA
Existencias
Withdrawn status Lost status Source of classification or shelving scheme Damaged status Not for loan Collection code Home library Current library Shelving location Date acquired Source of acquisition Inventory number Total Checkouts Full call number Barcode Date last seen Price effective from Koha item type
    Dewey Decimal Classification     General Biblioteca Karol Wojtyla Biblioteca Karol Wojtyla Sala general 03/12/2013 Compra 151000000000000000033100   860 DUQ 34310 05/01/2026 03/12/2013 Libro